Statistiques concernant Harry Potter: l'Eclair de Feu

Cliquez ici pour prendre le quiz!

Statistiques générales

  • Ce quiz a été pris 52 fois
  • Le résultat moyen est 6 sur 7

Statistiques - réponses

InformationRéponses% Correct
Vitesse240 km/h
98%
UtilisationBalai volant
98%
PropriétaireHarry Potter
98%
Première apparitionHarry Potter et le Prisonnier d'Azkaban
93%
Dernière apparitionHarry Potter et les Reliques de la Mort
93%
Année de fabrication1993
79%
PropriétaireÉquipe de Quidditch d'Irlande
19%

Distribution des résultats

Percentile par nombre de réponses

% des personnes avec chaque résultat

Votre développement - résultats

Vous n’avez pas pris ce quiz